I la nostra riera què? [Enregistrament de vídeo] / producció de: Plataforma d'Acció Cívico-Ambiental d'Arenys de Munt ; realització: Innova ; muntatge: Joan Navarra Plataforma d'Acció Cívico-Ambiental d'Arenys de Munt ; realització:
Descripción Física:
1 videocasset (VHS)
Otros Autores:
Navarra, Joan I
Materias:
Riera (Arenys de Munt)
MARC
| LEADER | 00000nam a2200000Ia 4500 | ||
|---|---|---|---|
| 001 | 20894 | ||
| 003 | BGR | ||
| 005 | 20260324175802.0 | ||
| 008 | 160829s9999 xx 000 0 cat d | ||
| 080 | |a VID-15 | ||
| 245 | |a I la nostra riera què? [Enregistrament de vídeo] / producció de: |b Plataforma d'Acció Cívico-Ambiental d'Arenys de Munt ; realització: |b Innova ; muntatge: |b Joan Navarra | ||
| 260 | |a Barcelona : |b la Plataforma, [s.a.] | ||
| 300 | |a 1 videocasset (VHS) | ||
| 590 | |a Amb la col·laboració de la Diputació de Barcelona | ||
| 650 | |a Riera (Arenys de Munt) |9 41241 | ||
| 700 | |a Navarra, Joan I |9 41244 | ||
| 710 | 1 | |a Barcelona (Catalunya : Província). |b Diputació |9 52408 | |
| 710 | 2 | |a Plataforma d'Acció Cívico Ambiental d'Arenys de Munt |9 71047 | |
| 710 | 2 | |a Innova, eines de gestió ambiental |9 71048 | |
| 901 | |a Arxiu | ||
| 942 | |n 1 |2 udc |c VID | ||
| 952 | |0 0 |1 0 |4 0 |6 VID15 |7 1 |9 50108 |a Arxiu |b Arxiu |d 2016-12-01 |l 0 |o VID-15 |p 20894 |r 2016-12-01 00:00:00 |w 2016-12-01 |y ARXIU | ||
| 999 | |c 53950 |d 53950 | ||